El padre Castellanos / Fernando Perez Memén y José Luís Sáez S. J. (Registro nro. 5223)

Detalles MARC
000 -LEADER
fixed length control field 00551nam a22001811a 4500
001 - CONTROL NUMBER
control field 5223
003 - CONTROL NUMBER IDENTIFIER
control field OSt
005 - DATE AND TIME OF LATEST TRANSACTION
control field 20260204212007.0
008 - FIXED-LENGTH DATA ELEMENTS--GENERAL INFORMATION
fixed length control field 051210s1991||||dr ||||||b||||||||||spa||
050 ## - LIBRARY OF CONGRESS CALL NUMBER
Classification number RD 248.844 P415p
100 ## - ASIENTO PRINCIPAL -- NOMBRE PERSONAL
Personal name Perez Memén, Fernando
245 ## - TÍTULO PROPIAMENTE DICHO: SUBTÍTULO
Title El padre Castellanos / Fernando Perez Memén y José Luís Sáez S. J.
264 ## - PRODUCTION, PUBLICATION, DISTRIBUTION, MANUFACTURE, AND COPYRIGHT NOTICE
Place of production, publication, distribution, manufacture Santo Domingo : Amigo del Hogar
300 ## - PHYSICAL DESCRIPTION
Extensión 157 p
490 ## - MENCIÓN DE SERIE
Series statement Serie hombre de iglesia N.5
650 ## - ASIENTO SECUNDARIO DE MATERIA -- TERMINO TEMÁTICO
Termino Temático Como Elemento de Entrada 1.Hombres - Guía de Vida Cristiana 2.Biografía - Padre CastellanoÌ
942 ## - ADDED ENTRY ELEMENTS (KOHA)
Source of classification or shelving scheme Dewey Decimal Classification
Koha item type Libros
Existencias
Withdrawn status Lost status Source of classification or shelving scheme Damaged status Not for loan Current library Date acquired Total Checkouts Full call number Barcode Date last seen Price effective from Koha item type
    Dewey Decimal Classification     Biblioteca UTECO 09/09/2019   RD 248.844 P415P 009793 09/09/2019 09/09/2019 Libros
© 2021 Derechos Reservados UTECO - Teléfono: +1 809-585-2291 - Correo electrónico: biblioteca@uteco.edu.do​  
Código postal 43000 ​​
Dirección: Avenida Universitaria No. 100, 
Cotuí, Provincia Sánchez Ramírez, República Dominicana - RNC: 404-00059-6